[Event "VL 1997/98 (play-off)"]
[Site "NRW (Germany)"]
[Round "6"]
[White "Grube Frank (GER)"]
[Black "Wachovius Hans-Werner (GER)"]
[Result "0-1"]
[WhiteElo "2036"]
[BlackElo "2008"]

1.Nf3 d5 2.c4 c6 3.cxd5 cxd5 4.d4 Nc6 5.g3 Nf6 6.Bg2 g6 7.O-O Bg7 8.Nc3 O-O
9.Ne5 e6 10.Nxc6 bxc6 11.Na4 Nd7 12.Bf4 Re8 13.Rc1 Bb7 14.Nc5 Nxc5 15.Rxc5 Qb6
16.Qc1 e5 17.e3 exd4 18.exd4 Ba6 19.Qc2 Bxf1 20.Rxc6 Bd3 {#R} 0-1

[Event "It (open) (b)"]
[Site "Paris (France)"]
[Round "6"]
[White "Massot Christel (FRA)"]
[Black "Leray Jean-Claude (FRA)"]
[Result "1-0"]
[WhiteElo "2071"]
[BlackElo "1658"]

1.g3 Nf6 2.Bg2 d5 3.Nf3 g6 4.c4 c6 5.O-O Bg7 6.cxd5 cxd5 7.d4 O-O 8.Nc3 Nc6
9.Ne5 e6 10.f4 Bd7 11.Be3 Nxe5 12.dxe5 Ng4 13.Bc5 Re8 14.e4 b6 15.Bd4 dxe4
16.Qxg4 Bc6 17.Rad1 Qd7 18.Nxe4 Bxe4 19.Bxe4 Rad8 20.Qe2 Bf8 21.Be3 {#r} 1-0

[Event "Extra League 1998/99"]
[Site "Slovakia"]
[Round "4"]
[White "Dobrotka Martin (SVK)"]
[Black "Schwarz Dusan (SVK)"]
[Result "1-0"]
[WhiteElo "2259"]
[BlackElo "2286"]

1.d4 Nf6 2.Nf3 g6 3.g3 Bg7 4.Bg2 O-O 5.O-O d5 6.c4 c6 7.cxd5 cxd5 8.Nc3 Nc6
9.Bf4 Bf5 10.Rc1 Ne4 11.Ne5 Nxc3 12.bxc3 f6 13.Nxc6 bxc6 14.Qa4 Qd7 15.c4 e5
16.Be3 Bh3 17.Bxh3 Qxh3 18.Qxc6 dxc4 19.Rxc4 exd4 20.Rxd4 Rfd8 21.Rfd1 Re8
22.Qd5+ Kh8 23.Re4 Qc8 24.Rxe8+ Qxe8 25.Qb7 a5 26.Rd7 Rb8 27.Qd5 h5 28.h4 a4
29.Ra7 f5 30.Bd4 Qxe2 31.Bxg7+ {#r} 1-0

[Event "It (open)"]
[Site "Svetla nad Sazavou (Czech Republic)"]
[Round "5"]
[White "Horak Miroslav (CZE)"]
[Black "Smid Jaroslav (CZE)"]
[Result "0-1"]
[WhiteElo "2036"]
[BlackElo "2005"]

1.c4 Nf6 2.Nc3 g6 3.Nf3 Bg7 4.g3 c6 5.Bg2 d5 6.cxd5 cxd5 7.d4 O-O 8.O-O Qb6
9.Qb3 Qxb3 10.axb3 Bd7 11.Bf4 Nc6 12.Be5 Nb4 13.Bxf6 Bxf6 14.Ne5 Bxe5 15.dxe5
e6 16.Rfd1 Bc6 17.e4 d4 18.Na4 Rfd8 19.Nc5 Kf8 20.Nd3 Nxd3 21.Rxd3 Bb5 22.Rd2
Rac8 23.Rad1 Rc7 24.Bf1 d3 25.f3 Rc2 26.Rxc2 dxc2 27.Rxd8+ Ke7 28.Rc8 Bc6
29.Rc7+ Kf8 {#R} 0-1

[Event "It (open)"]
[Site "Toronto (Canada)"]
[Round "3"]
[White "Khassanov Marat (CAN)"]
[Black "Kapetanovic Armin (BIH)"]
[Result "1-0"]
[WhiteElo "2320"]
[BlackElo "2465"]

1.Nf3 Nf6 2.c4 g6 3.g3 Bg7 4.Bg2 c6 5.O-O O-O 6.Nc3 d5 7.cxd5 cxd5 8.d4 Ne4
9.Ng5 Nxc3 10.bxc3 h6 11.Nh3 Bxh3 12.Bxh3 Nc6 13.Rb1 Na5 14.Qd3 e6 15.Bf4 Rc8
16.Rfd1 b6 17.Rbc1 Nc4 18.Rc2 f5 19.f3 g5 20.Bc1 Qe8 21.e3 Qh5 22.Bg2 Rf6
23.e4 f4 24.exd5 exd5 25.Re1 Rcf8 26.Rf2 R8f7 27.Qf1 Bf8 28.Bh3 Re7 29.Rxe7
Bxe7 30.gxf4 gxf4 31.Rg2+ Kf8 32.Rg4 Ne3 33.Bxe3 fxe3 34.Qa6 {#r} 1-0

[Event "Ch NATO"]
[Site "Portsmouth (England)"]
[Date "1998.10.08"]
[Round "6"]
[White "Brameld Arthur F (ENG)"]
[Black "Wantiez Fabrice (BEL)"]
[Result "0-1"]
[WhiteElo "2091"]
[BlackElo "2230"]

1.d4 Nf6 2.c4 g6 3.g3 c6 4.Bg2 d5 5.cxd5 cxd5 6.Nc3 Bg7 7.Nf3 O-O 8.O-O Ne4
9.Qb3 Nc6 10.Rd1 Na5 11.Qa4 Bf5 12.Nxe4 Bxe4 13.b3 Rc8 14.Ba3 Nc6 15.Rac1 Qd7
16.e3 h5 17.h4 Qf5 18.Ne1 Bxg2 19.Kxg2 g5 20.hxg5 f6 21.g6 h4 22.gxh4 Qg4+
23.Kf1 Qxh4 24.Qb5 Qh3+ 25.Ke2 Qd7 26.Nf3 f5 27.Bxe7 a6 28.Qd3 Nxe7 29.Rxc8
Rxc8 30.Rg1 Rc6 {#R} 0-1

[Event "Ch Costa Rica"]
[Site "Antiguo (Costa Rica)"]
[Round "11"]
[White "Ugalde Ronald (CRC)"]
[Black "Valdes Romero Leonardo (MEX)"]
[Result "0-1"]
[WhiteElo "2183"]
[BlackElo "2285"]

1.d4 Nf6 2.c4 g6 3.g3 c6 4.Bg2 d5 5.cxd5 cxd5 6.Nf3 Bg7 7.Nc3 O-O 8.O-O Nc6
9.Bf4 e6 10.Qc1 Qb6 11.Rd1 Bd7 12.Bh6 Bxh6 13.Qxh6 Qxb2 14.Na4 Qxe2 15.Rd2 Qc4
16.Nc5 b6 17.Nxd7 Nxd7 18.Ng5 Nf6 19.Bf1 Qb4 20.Rd3 Nxd4 21.g4 Rfc8 22.Nxf7
Kxf7 23.g5 Nf5 24.Qh3 Qg4+ 25.Qxg4 Nxg4 26.f4 Rc2 {#R} 0-1

[Event "It (cat.2) (b)"]
[Site "Budapest (Hungary)"]
[Round "8"]
[White "Pham Minh Hoang (VIE)"]
[Black "Kahn Evarth Dr (HUN)"]
[Result "1-0"]
[WhiteElo "2357"]
[BlackElo "2305"]

1.c4 Nf6 2.Nc3 g6 3.g3 Bg7 4.Bg2 c6 5.Nf3 O-O 6.O-O d5 7.cxd5 cxd5 8.d4 Ne4
9.Nxe4 dxe4 10.Ne5 f6 11.Qb3+ e6 12.Nc4 f5 13.Bf4 Nc6 14.e3 Qd5 15.Rfc1 Rd8
16.Bf1 h6 17.h4 Bd7 18.Qd1 Be8 19.Nd6 Nxd4 20.exd4 Rxd6 21.Bc4 Bxd4 22.Bxd5
Rxd5 23.Qb3 Bc6 24.Bxh6 Kh7 25.Be3 Bg7 26.Rd1 Rb5 27.Qxe6 Re8 28.Qc4 {#r} 1-0

[Event "It (open)"]
[Site "Creon (France)"]
[Round "0"]
[White "Fourcassies Jerome (FRA)"]
[Black "Cousigne Frederic (FRA)"]
[Result "1-0"]
[WhiteElo "2010"]
[BlackElo "2134"]

1.Nf3 Nf6 2.g3 g6 3.Bg2 Bg7 4.c4 c6 5.Nc3 d5 6.cxd5 cxd5 7.O-O O-O 8.d4 Ne4
9.Nxe4 dxe4 10.Nd2 f5 11.e3 Be6 12.b3 Nc6 13.a3 Bd5 14.Bb2 e5 15.dxe5 Nxe5
16.Bxe5 Bxe5 17.Rb1 b5 18.b4 Qf6 19.f3 exf3 20.Nxf3 Rad8 21.Qc2 Rc8 22.Qf2 Be4
23.Rbd1 Bc2 24.Rd2 Rf7 {#r} 1-0

[Event "It (open) (a)"]
[Site "Dortmund (Germany)"]
[Round "7"]
[White "Roesemann Rainer (GER)"]
[Black "Schwab Thomas (GER)"]
[Result "1-0"]
[WhiteElo "2188"]
[BlackElo "2095"]

1.c4 Nf6 2.Nc3 g6 3.g3 Bg7 4.Bg2 O-O 5.Nf3 c6 6.O-O d5 7.cxd5 cxd5 8.d4 Nc6
9.Bf4 Nh5 10.Be3 Nf6 11.Rc1 Bf5 12.h3 Rc8 13.Kh2 b6 14.Ne5 Nxe5 15.dxe5 Ne4
16.Nxd5 Rxc1 17.Bxc1 Nc5 18.b4 Na6 19.e4 Bc8 20.f4 e6 21.Nf6+ Bxf6 22.exf6
Qxf6 23.Qb3 Qe7 24.a3 f5 25.Bb2 Kf7 26.exf5 gxf5 27.Bf3 Kg6 28.Re1 h6 29.Qc3
Nc7 30.g4 Qf7 31.gxf5+ Kh7 32.Qg7+ {#r} 1-0

[Event "Ch Nordic"]
[Site "Gentofte (Denmark)"]
[Round "13"]
[White "Olafsson Helgi (ISL)"]
[Black "Olsen Heini (FAI)"]
[Result "1-0"]
[WhiteElo "2270"]
[BlackElo "2292"]

1.g3 Nf6 2.Bg2 d5 3.Nf3 g6 4.c4 c6 5.cxd5 cxd5 6.Nc3 Bg7 7.d4 O-O 8.Ne5 Nc6
9.Nxc6 bxc6 10.O-O Bf5 11.Bf4 Nd7 12.Rc1 Qb6 13.Na4 Qb5 14.b3 Rac8 15.Qd2 e5
16.dxe5 Nxe5 17.Rc5 Qa6 18.e4 Be6 19.Ra5 Qb7 20.exd5 cxd5 21.Nc5 Qb6 22.Rc1
Rfe8 23.Ra6 Qb5 24.a4 Qb8 25.Bxd5 Bxd5 26.Qxd5 Qb4 27.Rxa7 Red8 28.Qb7 Qa3
29.Bxe5 Qxc1+ 30.Kg2 Rf8 31.Bxg7 Rb8 32.Qd5 Rbd8 33.Rd7 Rxd7 34.Nxd7 {#r} 1-0

[Event "Bundesliga (2nd) East 1999/00"]
[Site "Germany"]
[Round "2"]
[White "Troyke Christian (GER)"]
[Black "Frobenius Wolfram (GER)"]
[Result "0-1"]
[WhiteElo "2381"]
[BlackElo "2216"]

1.g3 g6 2.Bg2 Bg7 3.d4 d5 4.Nf3 Nf6 5.O-O O-O 6.c4 c6 7.cxd5 cxd5 8.Nc3 Nc6
9.Ne5 Be6 10.Nxc6 bxc6 11.Na4 Nd7 12.Bf4 Rc8 13.Rc1 f6 14.Qd2 Bf7 15.Bh3 e5
16.dxe5 fxe5 17.Be3 d4 18.Bh6 Bxh6 19.Qxh6 Qe7 20.b4 Be6 21.Qh4 Qd6 22.Nc5
Bxh3 23.Qxh3 Nxc5 24.Rxc5 e4 25.Qg4 Rce8 26.Qg5 e3 27.f4 d3 28.exd3 e2 29.Re1
Qxd3 30.Re5 h6 31.Qxh6 Rxe5 32.fxe5 Rf1+ 33.Kg2 Rxe1 {#R} 0-1

[Event "Verbandsliga North 1998/99"]
[Site "Germany"]
[Round "6"]
[White "Preiss Martin (GER)"]
[Black "Roes Helge (GER)"]
[Result "0-1"]
[WhiteElo "2245"]
[BlackElo "2181"]

1.Nf3 d5 2.c4 c6 3.g3 Nf6 4.Bg2 g6 5.O-O Bg7 6.cxd5 cxd5 7.d4 O-O 8.Nc3 Nc6
9.Ne5 Be6 10.f4 Rc8 11.Be3 Na5 12.Rc1 Nc4 13.Nxc4 Rxc4 14.b3 Ng4 15.bxc4 Nxe3
16.Qa4 Nxf1 17.Kxf1 dxc4 18.d5 Bd7 19.Qxc4 Qa5 20.Rb1 Bxc3 21.Rxb7 Rc8 22.Qe4
Qd8 23.Rxa7 Bf6 24.Rb7 Bf5 25.Qb4 Kg7 26.e4 Rc1+ 27.Kf2 Qc8 28.exf5 Qc2+
29.Kf3 Qd3+ {#R} 0-1

[Event "VL Ruhrgebiet 1998/99"]
[Site "Germany"]
[Round "9"]
[White "Hausrath Daniel (GER)"]
[Black "Ebert Manfred (GER)"]
[Result "1-0"]
[WhiteElo "2413"]
[BlackElo "2086"]

1.Nf3 g6 2.g3 Bg7 3.d4 c5 4.c3 cxd4 5.cxd4 d5 6.Bg2 Nf6 7.Nc3 O-O 8.Ne5 e6
9.O-O Nc6 10.Nxc6 bxc6 11.Na4 Nd7 12.Bf4 Re8 13.Rc1 e5 14.dxe5 Bxe5 15.Rxc6
Bxf4 16.gxf4 Qe7 17.e3 Bb7 18.Rc7 Ba6 19.Bxd5 Rad8 20.Re1 Qh4 21.Bxf7+ Kxf7
22.Rxd7+ Rxd7 23.Qxd7+ Re7 24.Qd5+ Kg7 25.Qg5 Qxg5+ 26.fxg5 Re5 27.f4 Rd5
28.Rc1 Rd2 {#r} 1-0

[Event "Tournament"]
[Site "Helsinki (Finland)"]
[Round "4"]
[White "Sisatto Olli (FIN)"]
[Black "Koskinen Veikko (FIN)"]
[Result "1-0"]
[WhiteElo "2236"]
[BlackElo "1988"]

1.d4 Nf6 2.Nf3 g6 3.g3 Bg7 4.Bg2 O-O 5.O-O c6 6.c4 d5 7.cxd5 cxd5 8.Nc3 Ne4
9.Nxe4 dxe4 10.Ne5 Nd7 11.Nxd7 Qxd7 12.Be3 f5 13.Qb3+ Qe6 14.d5 Qf7 15.Rfd1 e5
16.Bc5 Rd8 17.Rd2 b6 18.Bb4 Bb7 19.Rad1 Rd7 20.e3 Rad8 21.Bf1 Bf8 22.Bb5 Bd6
23.Bxd7 Rxd7 24.Bxd6 Rxd6 25.Qc4 g5 26.Qb4 Rd7 27.a3 Qg6 28.Qa4 Qf7 29.Qxa7 f4
30.Qb8+ {#r} 1-0

[Event "Ch Hungary (team) 1998/99 (2 liga)"]
[Site "Hungary"]
[Round "0"]
[White "Banusz Viktor (HUN)"]
[Black "Nagy Beata T (HUN)"]
[Result "0-1"]
[WhiteElo "2124"]
[BlackElo "2105"]

1.d4 g6 2.Nf3 Bg7 3.g3 d5 4.Bg2 Nf6 5.O-O O-O 6.c4 c6 7.cxd5 cxd5 8.Ne5 e6
9.f4 Nfd7 10.Nc3 f6 11.Nf3 Nc6 12.Kh1 Nb6 13.g4 e5 14.fxe5 Bxg4 15.exf6 Bxf6
16.Be3 Qe7 17.Bg1 Rad8 18.h3 Bf5 19.a3 Qd7 20.Kh2 Kh8 21.Bf2 Qe7 22.b3 a6
23.Ra2 g5 24.e3 g4 25.hxg4 Bxg4 26.Rh1 Bg5 27.Qe2 Qf6 28.Bg3 Rde8 29.Qc2 Bxf3
30.Kg1 Bxe3+ 31.Bf2 Bxf2+ 32.Kf1 Bxg2+ {#R} 0-1

[Event "It (open) (b)"]
[Site "Koszalin (Poland)"]
[Round "6"]
[White "Szymanski Marcin (POL)"]
[Black "Juzek Adrian (POL)"]
[Result "0-1"]
[WhiteElo "2327"]
[BlackElo "2202"]

1.d4 g6 2.Nf3 Bg7 3.g3 Nf6 4.Bg2 O-O 5.O-O d5 6.c4 c6 7.cxd5 cxd5 8.Ne5 e6
9.Nc3 Nfd7 10.f4 Nc6 11.Be3 Nb6 12.b3 Bd7 13.Qd2 Qe7 14.g4 Rac8 15.Rac1 f6
16.Nd3 Kh8 17.Nc5 e5 18.fxe5 Bxg4 19.Nxd5 Nxd5 20.Bxd5 fxe5 21.Bxc6 bxc6 22.d5
cxd5 23.Qxd5 Bxe2 24.Rxf8+ Rxf8 25.Qe6 Qh4 26.Nd7 Bg4 27.Qc6 Qh3 28.Nxf8 Qxe3+
29.Kg2 Bh3+ 30.Kh1 e4 {#R} 0-1

[Event "It (open)"]
[Site "Krakow (Poland)"]
[Round "0"]
[White "Kopacz Grzegorz (POL)"]
[Black "Koziak Vitali (UKR)"]
[Result "0-1"]
[WhiteElo "2246"]
[BlackElo "2466"]

1.c4 Nf6 2.Nf3 g6 3.g3 Bg7 4.Bg2 O-O 5.O-O c6 6.d4 d5 7.cxd5 cxd5 8.Ne5 b6
9.Nc3 Bb7 10.Bf4 Nbd7 11.Rc1 e6 12.Qa4 Nxe5 13.Bxe5 a6 14.Qb4 Nd7 15.Bxg7 Kxg7
16.Na4 a5 17.Qd6 Ba6 18.Rc7 Nf6 19.Qxb6 Bxe2 20.Rfc1 Ne8 21.Rb7 Nd6 22.Qxd8
Rfxd8 23.Rbc7 Nb5 24.Rb7 Rab8 25.Rxb5 Rxb5 26.Re1 Rb4 27.b3 Bb5 28.Nc3 Rc8
29.Nxb5 Rxb5 30.Re3 Rc2 31.Bf1 Rb4 {#R} 0-1

[Event "Ch Moscow"]
[Site "Moscow (Russia)"]
[Round "4"]
[White "Zhidkov Valery S (UKR)"]
[Black "Vorobiov Evgeny E (RUS)"]
[Result "0-1"]
[WhiteElo "2365"]
[BlackElo "2459"]

1.d4 Nf6 2.Nf3 g6 3.g3 Bg7 4.c4 O-O 5.Bg2 c6 6.O-O d5 7.cxd5 cxd5 8.Ne5 Ne4
9.Nd2 Bf5 10.Nxe4 Bxe4 11.Qb3 Nc6 12.Nxc6 bxc6 13.Bxe4 dxe4 14.Rd1 Rb8 15.Qc4
Qd7 16.b3 Rb5 17.e3 Rh5 18.Qf1 Rd8 19.Ba3 Rd5 20.Rac1 e5 21.Re1 exd4 22.exd4
Rxd4 23.Bb2 Rd2 24.Bxg7 Kxg7 25.Rxe4 Rxa2 26.Qc4 Qd3 27.Re7 Rd5 28.g4 Qd4
29.Qc3 Kf8 30.Re3 Qxg4+ 31.Kh1 Qd4 32.Qe1 Kg7 33.Rxc6 Rf5 34.Rc4 Qf6 {#R} 0-1

[Event "Cup Russia (open)"]
[Site "Nizhnij Novgorod (Russia)"]
[Round "7"]
[White "Polovodin Igor A (RUS)"]
[Black "Mikhailov Sergey (RUS)"]
[Result "1-0"]
[WhiteElo "2463"]
[BlackElo "2352"]

1.d4 Nf6 2.Nf3 g6 3.g3 Bg7 4.Bg2 O-O 5.O-O d5 6.c4 c6 7.cxd5 cxd5 8.Ne5 Ng4
9.f4 Nxe5 10.fxe5 Nc6 11.Nc3 e6 12.Be3 Qb6 13.Qd2 Bd7 14.Kh1 f6 15.exf6 Rxf6
16.Rxf6 Bxf6 17.Rd1 Be8 18.Bg1 Rd8 19.e4 dxe4 20.d5 Qb4 21.Nxe4 Qxb2 22.dxc6
Rxd2 23.Rxd2 Qxd2 24.Nxd2 {#r} 1-0

[Event "Ch World (juniors) (under 12)"]
[Site "Oropesa (Spain)"]
[Round "1"]
[White "Khusnutdinov Rustam (KAZ)"]
[Black "Isaza Yesid Mauricio (COL)"]
[Result "1-0"]
[WhiteElo "2397"]
[BlackElo "1984"]

1.c4 Nf6 2.Nc3 g6 3.Nf3 Bg7 4.g3 c6 5.Bg2 O-O 6.O-O d5 7.cxd5 cxd5 8.d4 Nc6
9.Ne5 Bd7 10.Bf4 e6 11.Qd2 Nxe5 12.Bxe5 Bc6 13.Qd3 Nh5 14.Bxg7 Nxg7 15.b4 a6
16.a4 Nf5 17.b5 Bd7 18.e4 dxe4 19.Nxe4 axb5 20.axb5 Rxa1 21.Rxa1 Bc8 22.Rd1
Nd6 23.h4 Nxe4 24.Qxe4 Qf6 25.Rc1 Rd8 26.Rc7 Kg7 27.b6 Rxd4 28.Qe3 {#r} 1-0

[Event "Ch Spain"]
[Site "Palencia (Spain)"]
[Round "4"]
[White "Merino Garcia Rafael (ESP)"]
[Black "Pol Valveny Ramon (ESP)"]
[Result "1-0"]
[WhiteElo "2330"]
[BlackElo "2075"]

1.Nf3 Nf6 2.g3 g6 3.Bg2 Bg7 4.d4 d5 5.O-O O-O 6.c4 c6 7.cxd5 cxd5 8.Nc3 Ne4
9.Nxe4 dxe4 10.Ng5 Bxd4 11.Nxe4 Nc6 12.Bh6 Bg7 13.Bxg7 Qxd1 14.Rfxd1 Kxg7
15.Nc5 Rb8 16.b3 Ne5 17.Rd5 f6 18.f4 Nc6 19.Nd7 Bxd7 20.Rxd7 Kf7 21.Bd5+ Ke8
22.Rxb7 {#r} 1-0

[Event "Ch Poland (team) (2nd liga)"]
[Site "Polanica Zdroj (Poland)"]
[Round "2"]
[White "Jewulski Krzysztof (POL)"]
[Black "Michalski Daniel (POL)"]
[Result "0-1"]
[WhiteElo "1950"]
[BlackElo "2137"]

1.d4 Nf6 2.Nf3 g6 3.g3 Bg7 4.Bg2 d5 5.c4 O-O 6.O-O c6 7.cxd5 Qxd5 8.Ne5 Qa5
9.Nd2 Nbd7 10.Ndc4 Qd8 11.Bg5 h6 12.Bf4 Nxe5 13.Bxe5 Be6 14.Rc1 Bd5 15.Bxd5
Nxd5 16.Bxg7 Kxg7 17.Qb3 Nb6 18.Nxb6 axb6 19.Rfd1 Ra5 20.Rc4 Qd7 {#R} 0-1

[Event "Ch Poland (team) (2nd liga)"]
[Site "Polanica Zdroj (Poland)"]
[Round "5"]
[White "Tomczyk Marian (POL)"]
[Black "Szydelko Kazimierz (POL)"]
[Result "1-0"]
[WhiteElo "2148"]
[BlackElo "2063"]

1.c4 Nf6 2.Nf3 g6 3.g3 Bg7 4.Bg2 d5 5.O-O O-O 6.d4 c6 7.cxd5 cxd5 8.Nc3 Nc6
9.Ne5 Qa5 10.a3 e6 11.b4 Qb6 12.Nxc6 Qxc6 13.Bb2 Bd7 14.Rc1 Qb6 15.Na4 Bxa4
16.Qxa4 a5 17.b5 Nd7 18.e4 Qd6 19.exd5 exd5 20.Qc2 Rfc8 {#r} 1-0

[Event "Ch Poland (team) (2nd liga)"]
[Site "Polanica Zdroj (Poland)"]
[Round "4"]
[White "Wesolowski Tadeusz (POL)"]
[Black "Singer Krystian (POL)"]
[Result "1-0"]
[WhiteElo "2221"]
[BlackElo "2178"]

1.d4 Nf6 2.c4 g6 3.g3 c6 4.Bg2 d5 5.cxd5 cxd5 6.Nc3 Bg7 7.Nf3 Nc6 8.O-O O-O
9.h3 Ne4 10.Bf4 Nxc3 11.bxc3 Bf5 12.g4 Be4 13.Rc1 Na5 14.Ne5 Bxg2 15.Kxg2 Rc8
16.Qa4 b6 17.Rfd1 e6 18.Qb5 Nc4 19.Nf3 Qe8 20.Qb3 Qd7 {#r} 1-0

[Event "It (open)"]
[Site "Santa Olaya (Spain)"]
[Round "8"]
[White "Vega Viejo Marcelino (ESP)"]
[Black "Lobo Jesus Rodriguez (ESP)"]
[Result "0-1"]
[WhiteElo "2219"]
[BlackElo "2072"]

1.Nf3 Nf6 2.c4 g6 3.g3 Bg7 4.Bg2 O-O 5.O-O c6 6.d4 d5 7.cxd5 cxd5 8.Ne5 Nc6
9.Nc3 e6 10.Bg5 h6 11.Bxf6 Bxf6 12.Nxc6 bxc6 13.Qd2 Kg7 14.Na4 Rb8 15.Rfc1 Qd6
16.Nc5 e5 17.e3 h5 18.b4 h4 19.a3 hxg3 20.hxg3 exd4 21.exd4 Re8 22.Bf3 Bf5
23.Re1 g5 24.Rad1 Rh8 25.Qe3 Rh3 26.Nd3 Rbh8 27.Rf1 Rxg3+ {#R} 0-1

[Event "Ch Great Britain"]
[Site "Scarborough (England)"]
[Round "6"]
[White "Cobb James (WLS)"]
[Black "Sasikiran Krishnan (IND)"]
[Result "0-1"]
[WhiteElo "2349"]
[BlackElo "2536"]

1.Nf3 Nf6 2.d4 g6 3.c4 Bg7 4.Nc3 O-O 5.g3 c6 6.Bg2 d5 7.cxd5 cxd5 8.Ne5 Nc6
9.O-O e6 10.f4 Bd7 11.Be3 Rc8 12.Qd2 Ne7 13.g4 Ne8 14.Bf2 Nd6 15.b3 f6 16.Nd3
b6 17.Rac1 Bc6 18.Bh4 Qd7 19.g5 f5 20.Ne5 Bxe5 21.fxe5 Ne4 22.Qe3 Rc7 23.Be1
Rfc8 24.Bd2 Bb5 25.Rfe1 f4 {#R} 0-1

[Event "It (open)"]
[Site "Tatranska Lomnica (Slovakia)"]
[Round "3"]
[White "Mlynek Petr (CZE)"]
[Black "Krutina Miroslav (CZE)"]
[Result "1-0"]
[WhiteElo "2199"]
[BlackElo "1997"]

1.d4 Nf6 2.c4 g6 3.g3 c6 4.Bg2 d5 5.cxd5 cxd5 6.Nf3 Bg7 7.O-O O-O 8.Ne5 Nc6
9.Nxc6 bxc6 10.Nc3 Nd7 11.Bf4 Bb7 12.Na4 Qa5 13.b4 Qb5 14.Bh3 f5 15.Nc5 Nxc5
16.bxc5 Qc4 17.e3 h6 18.Re1 Qc3 19.Qa4 Qd3 20.Bf1 Qe4 21.Rab1 g5 22.Bc7 {#r}
1-0

[Event "It (open)"]
[Site "Trinec (Czech Republic)"]
[Round "5"]
[White "Jirka Jiri (CZE)"]
[Black "Mirumian Vigen (CZE)"]
[Result "0-1"]
[WhiteElo "2161"]
[BlackElo "2506"]

1.d4 Nf6 2.g3 g6 3.Bg2 d5 4.c4 c6 5.Nf3 Bg7 6.O-O O-O 7.cxd5 cxd5 8.Nc3 Ne4
9.Qb3 Nc6 10.Rd1 Nxc3 11.Qxc3 Bf5 12.Ne5 Rc8 13.Nxc6 Rxc6 14.Qb4 Bc2 15.Rd2
Qd7 16.b3 Rfc8 17.Ba3 e6 18.Qa4 Bf5 19.Rad1 Qc7 20.e3 Ra6 {#R} 0-1

[Event "Memorial C.Torre"]
[Site "Yucatan (Mexico)"]
[Round "4"]
[White "Horvath Peter_ (HUN)"]
[Black "Alayola Jose Enrique (MEX)"]
[Result "0-1"]
[WhiteElo "2450"]
[BlackElo "2212"]

1.d4 Nf6 2.Nf3 g6 3.g3 Bg7 4.Bg2 O-O 5.O-O d5 6.c4 c6 7.cxd5 cxd5 8.Ne5 Nbd7
9.Nc3 e6 10.f4 Ne8 11.Be3 f6 12.Nf3 f5 13.Ne5 Nd6 14.b3 Nf6 15.Bc1 Nfe4
16.Nxe4 Nxe4 17.Ba3 Re8 18.Qc2 Bd7 19.Rac1 Rc8 20.Qb2 Bxe5 21.Rxc8 Qxc8 22.Rc1
Bc7 23.Bxe4 fxe4 24.f5 exf5 25.Qd2 Qb8 26.Qg5 Bd6 {#R} 0-1

[Event "Cup Tenkes (open)"]
[Site "Harkany (Hungary)"]
[Date "1999.11.25"]
[Round "4"]
[White "Horvath Peter_ (HUN)"]
[Black "Sinkovics Peter (HUN)"]
[Result "1-0"]
[WhiteElo "2450"]
[BlackElo "2313"]

1.d4 Nf6 2.Nf3 g6 3.g3 Bg7 4.Bg2 c6 5.c4 d5 6.cxd5 cxd5 7.Ne5 O-O 8.Nc3 e6
9.O-O Nfd7 10.f4 Nc6 11.Be3 f6 12.Nf3 f5 13.Ne5 Nb6 14.Bf2 Bd7 15.a4 Nc8
16.Qb3 Nd6 17.Nxd5 Na5 18.Qa2 Bc6 19.Nc3 Re8 20.d5 exd5 21.Nxd5 Kh8 22.b4 {#r}
1-0

[Event "Tournament (Elo)"]
[Site "Budapest (Hungary)"]
[Round "3"]
[White "Szalay Janos L (HUN)"]
[Black "Gonda Laszlo (HUN)"]
[Result "0-1"]
[WhiteElo "2117"]
[BlackElo "2089"]

1.d4 Nf6 2.Nf3 g6 3.g3 Bg7 4.Bg2 O-O 5.c4 c6 6.O-O d5 7.cxd5 cxd5 8.Nc3 Nc6
9.Bf4 Bf5 10.h3 h5 11.Ne5 Rc8 12.e3 Ne4 13.Nxe4 Bxe4 14.f3 Bf5 15.g4 hxg4
16.hxg4 Be6 17.Nd3 b6 18.Rc1 Qd7 19.b4 Nb8 20.Bxb8 Rxb8 21.Qb3 a6 22.Rc3 Rfc8
23.Rfc1 Qd6 24.Nf4 Bxd4 {#R} 0-1

[Event "Ch Pireus"]
[Site "Pireus (Greece)"]
[Round "7"]
[White "Paidousis Aristidis (GRE)"]
[Black "Kakkanas Georges"]
[Result "1-0"]
[WhiteElo "2099"]
[BlackElo "2155"]

1.c4 Nf6 2.Nc3 g6 3.g3 Bg7 4.Bg2 c6 5.d4 d5 6.cxd5 cxd5 7.Nf3 Nc6 8.Ne5 O-O
9.O-O Bf5 10.Nxc6 bxc6 11.Qa4 Qb6 12.e3 Nd7 13.Qa3 e5 14.Na4 Qb5 15.Rd1 Bc2
16.Nc3 Qb7 17.Rd2 Bf5 18.b3 Rfb8 19.Na4 Bf8 20.Qb2 Re8 21.Rd1 c5 22.dxc5 e4
23.Bd2 Ne5 24.Bc3 Nd3 25.Qd2 Bg4 26.f3 exf3 27.Qxd3 fxg2 28.Qd4 f6 29.Qxg4
Rxe3 30.Qd4 {#r} 1-0

[Event "Staatsliga B South 1999/00"]
[Site "Austria"]
[Round "5"]
[White "Kormann Werner (AUT)"]
[Black "Peisser Manfred (AUT)"]
[Result "1-0"]
[WhiteElo "2169"]
[BlackElo "2128"]

1.Nf3 Nf6 2.c4 g6 3.g3 Bg7 4.Bg2 O-O 5.O-O c6 6.d4 d5 7.cxd5 cxd5 8.Ne5 Ng4
9.f4 Nxe5 10.fxe5 Nc6 11.Nc3 e6 12.e4 dxe4 13.Be3 f6 14.exf6 Bxf6 15.Nxe4 Bg7
16.Rxf8+ Qxf8 17.d5 Nd8 18.Qa4 exd5 19.Bc5 Qf7 20.Nd6 Qd7 21.Bxd5+ Kh8 22.Qe4
Ne6 23.Re1 Nc7 24.Nf7+ Kg8 25.Bb3 Ne6 26.Ng5 Qc6 {#r} 1-0

[Event "It (open)"]
[Site "Bad Wiessee (Germany)"]
[Round "1"]
[White "Budai Zoltan (GER)"]
[Black "Oswald Hans-Joachim (GER)"]
[Result "0-1"]
[WhiteElo "1975"]
[BlackElo "2292"]

1.Nf3 Nf6 2.g3 d5 3.Bg2 g6 4.O-O Bg7 5.d4 O-O 6.c4 c6 7.cxd5 cxd5 8.Nc3 Nc6
9.Ne5 e6 10.Nxc6 bxc6 11.Na4 Nd7 12.Bf4 Ba6 13.Qd2 Re8 14.Rac1 e5 15.dxe5 Nxe5
16.b3 Bb5 17.Nc5 Nd7 18.Nd3 Qb6 19.Rfe1 a5 20.a4 Bxd3 21.Qxd3 Nc5 22.Qc2 Nxb3
23.Qxc6 Qxc6 24.Rxc6 Nd4 25.Bxd5 Rad8 26.e3 Rxd5 27.exd4 Rxe1+ 28.Kg2 Re8 {#R}
0-1

[Event "Ch Slovenia (team) (z)"]
[Site "Bled (Slovenia)"]
[Round "0"]
[White "Skoberne Renato (SLO)"]
[Black "Perus Danilo (SLO)"]
[Result "0-1"]
[WhiteElo "2079"]
[BlackElo "2316"]

1.d4 Nf6 2.Nf3 g6 3.g3 Bg7 4.Bg2 O-O 5.O-O d5 6.Ne5 c6 7.c4 Ng4 8.Nxg4 Bxg4
9.cxd5 cxd5 10.Nc3 Nc6 11.h3 Be6 12.e4 Nxd4 13.exd5 Bd7 14.Bf4 Rc8 15.Qd2 Bxh3
16.Bh6 Bxg2 17.Kxg2 Bxh6 18.Qxh6 Nf5 19.Qd2 h5 20.Rh1 Rc4 21.f3 e6 22.b3 Rd4
23.Qe2 exd5 24.Rad1 Qg5 {#R} 0-1

[Event "It (open) \"]
[Site "Budapest (Hungary)"]
[Round "7"]
[White "Honsch Pal (HUN)"]
[Black "Toth Mate (HUN)"]
[Result "1-0"]
[WhiteElo "2092"]
[BlackElo "2134"]

1.d4 Nf6 2.c4 g6 3.Nf3 Bg7 4.g3 c6 5.Bg2 d5 6.cxd5 cxd5 7.Nc3 O-O 8.O-O e6
9.b3 Nc6 10.Bb2 Ne4 11.e3 f5 12.Ne1 Nd6 13.Nd3 b6 14.Nxd5 Bb7 15.N5f4 Qe7
16.d5 Bxb2 17.Nxb2 Nb4 18.Nxe6 Ba6 19.Re1 Rf7 20.a3 Qf6 21.axb4 {#r} 1-0